Statistics for Die Lit Tracklist (Playboi Carti)

Click here to take the quiz!

General Stats

  • This quiz has been taken 130 times
  • The average score is 13 of 19

Answer Stats

HintAnswer% Correct
2R.I.P
97%
3Lean 4 Real
(feat. Skepta)
82%
1Long Time - Intro
81%
6Shoota
(feat. Lil Uzi Vert)
76%
14FlatBed Freestyle
71%
13Mileage
(feat. Cheif Keef)
70%
18R.I.P. Fredo
(feat. Young Nudy) - Notice Me
70%
19Top
(feat. Pi'erre Bourne)
67%
5Love Hurts
(feat. Travis Scott)
66%
8Poke It Out
(feat. Nicki Minaj)
65%
9Home (KOD)
64%
11Foreign
63%
15No Time
(feat. Gunna)
62%
4Old Money
60%
10Fell In Love
(feat. Bryson Tiller)
57%
7Right Now
(feat. Pi'erre Bourne)
57%
16Middle of The Summer
(feat. Red Coldhearted)
54%
17Choppa Won't Miss
(feat. Young Thug)
49%
12Pull Up
49%

Score Distribution

Percentile by Number Answered

Percent of People with Each Score

Your Score History

You have not taken this quiz